[Event "TUR-chT2"]
[Site "Konya"]
[Date "2017.07.15"]
[Round "9.7"]
[White "Kaypak, Cengizkaan"]
[Black "Coskun, Arda"]
[Result "0-1"]
[WhiteElo "1268"]
[BlackElo "1753"]
[PlyCount "66"]
[EventDate "2017.07.09"]
[EventType "team-swiss"]
[EventRounds "9"]
[EventCountry "TUR"]
[SourceTitle "CBM 179 Extra"]
[Source "ChessBase"]
[SourceDate "2017.08.23"]
[SourceVersion "1"]
[SourceVersionDate "2017.08.23"]
[SourceQuality "1"]
[WhiteTeam "Genclik Merkezi Genc"]
[BlackTeam "Onay"]
[WhiteTeamCountry "TUR"]
[BlackTeamCountry "TUR"]

1. d4 Nf6 2. c4 g6 3. Nc3 Bg7 4. e4 d6 5. h3 0-0 6. Nf3 e5 7. d5 Nh5 8. Bd3 Nd7 9. Be3 Nf4 10. Qd2 Nxg2+ 11. Kd1 Nxe3+ 12. Qxe3 c6 13. Kc2 cxd5 14. exd5 Qb6 15. Qd2 Nc5 16. Be2 Bf5+ 17. Kc1 Rfc8 18. Nh2 Bd7 19. Rb1 Qd8 20. Nf3 Bf5 21. h4 Bxb1 22. Kxb1 e4 23. Ne1 Qe7 24. h5 e3 25. fxe3 Ne4 26. Qc2 Bxc3 27. bxc3 Ng3 28. Rh2 Nxe2 29. Qxe2 Rxc4 30. hxg6 fxg6 31. Rh6 Rxc3 32. Qh2 Rac8 33. Rxh7 Qxh7 0-1

[Event "TUR-chT2"]
[Site "Konya"]
[Date "2017.07.10"]
[Round "3.5"]
[White "Demiroz, Alp"]
[Black "Kaypak, Cengizkaan"]
[Result "0-1"]
[WhiteElo "1671"]
[BlackElo "1268"]
[PlyCount "146"]
[EventDate "2017.07.09"]
[EventType "team-swiss"]
[EventRounds "9"]
[EventCountry "TUR"]
[SourceTitle "CBM 179 Extra"]
[Source "ChessBase"]
[SourceDate "2017.08.23"]
[SourceVersion "1"]
[SourceVersionDate "2017.08.23"]
[SourceQuality "1"]
[WhiteTeam "Pendik Dernegi"]
[BlackTeam "Genclik Merkezi Genc"]
[WhiteTeamCountry "TUR"]
[BlackTeamCountry "TUR"]

1. e4 e6 2. d4 d5 3. Nc3 Nf6 4. e5 Nfd7 5. f4 c5 6. Nf3 Nc6 7. Be3 Be7 8. Qd2 c4 9. Be2 Nb6 10. 0-0 Bd7 11. Ng5 h6 12. Nh3 Qc7 13. Nb5 Qd8 14. c3 a6 15. Na3 Qc7 16. Nc2 0-0-0 17. b4 Na7 18. Bf2 Na4 19. Kh1 Nb5 20. Ne3 Nbxc3 21. Bf3 Bxb4 22. Qc2 b5 23. f5 Bc6 24. Nf4 Bd7 25. Bg4 Rde8 26. fxe6 Bxe6 27. Bf3 Rd8 28. Nh5 Rhg8 29. Bh4 Be7 30. Bg3 Qa7 31. Bf2 g6 32. Nf6 Bxf6 33. exf6 g5 34. Ng4 h5 35. Ne5 Qb7 36. Bxh5 Ne4 37. Bg4 Nxf6 38. Bxe6+ fxe6 39. Bg3 Ne4 40. Rf7 Nxg3+ 41. hxg3 Qb6 42. Rd1 Rgf8 43. Qf2 Rxf7 44. Qxf7 Nc3 45. Rd2 Ne4 46. Rf2 Nxf2+ 47. Qxf2 c3 48. Nd3 b4 49. Nc5 a5 50. Qc2 Qd6 51. Qd3 Qb6 52. Kg1 e5 53. Qf5+ Kb8 54. Qxe5+ Ka8 55. Qe2 a4 56. Qc2 b3 57. axb3 axb3 58. Nxb3 Qb4 59. Kf1 Qc4+ 60. Ke1 Re8+ 61. Kf2 Rf8+ 62. Ke3 Re8+ 63. Kf2 Rf8+ 64. Ke3 Rf1 65. Nc1 Rf8 66. Nd3 Rb8 67. Qc1 Re8+ 68. Ne5 Qb3 69. Kd3 c2+ 70. Kd2 Rc8 71. Nd3 Qc3+ 72. Ke3 Re8+ 73. Kf2 Qxd3 0-1